000 00586nam a2200229Ia 4500
003 OSt
005 20221007072718.0
006 a|||||r|||| 00| 0
007 ta
008 221006b |||||||| |||| 00| 0 eng d
024 _a23,934
037 _cTextual
040 _aFLL
_cFLL
_beng
041 _2eng
_aeng
082 _aZ3:5y7, K3
100 _aHoward Colin
_9683189
245 0 _aStrict responsibility
260 _aLondon
_bSweet & Maxwell UK
_c1963
300 _axx,220p
_ccm.
942 _hZ3:5y7, K3
_cTEXL
_2CC
999 _c1146784
_d1146784